000 00856nam2a2200229 4500
001 rc\2878110
005 20260315052139.0
035 _a(NLR Aleph) 007031110
090 _a13584591
_c13584591
100 _a20110718d1927 u y0rusy50 ca
101 0 _arus
102 _aRU
105 _ay z |||||
200 1 _aЧартистское движение в Англии
210 _aМосква
_d1927
461 0 _1001rc\2878108
_12001#$aИстория Западной Европы$eЧ. 1-$vГлава 10
_1700#1$aГингор$bС.В.
_96004060
_aГингор, С.В.
_cМосква
_d1927
_nизд-во У. Т. К. им. Сун-Ят-Сена
_oЧ. 1-
_tИстория Западной Европы
_vГлава 10
801 0 _aRU
_bNLR
_gpsbo
801 1 _aRU
_bELAR
_2rusmarc
852 _aNLR
_j35.69.1.157(10)
942 _cUNSPEC
980 _aNB